| 000 | 00386nam a2200145Ia 4500 | ||
|---|---|---|---|
| 005 | 20251222144741.0 | ||
| 008 | 251222s9999||||xx |||||||||||||| ||spa|| | ||
| 020 | _a9789972837265 | ||
| 082 | _a363.69/E93 | ||
| 100 | _aEstabridis Cárdenas, Ricardo | ||
| 245 | 0 | _aNuestra Memoria Puesta en Valor: | |
| 250 | _a1ra. ed. | ||
| 264 | _bColección Arte y Tesoros del Perú | ||
| 942 | _cLIB | ||
| 999 |
_c18947 _d18947 |
||